=LDR 00000nam 2200000 4500 =001 INLIS000000000039860 =005 20130612145449 =008 ***********************************Ind** =035 ##$$0010-061300000039860 =041 ##$$a Ind =082 ##$$a 153.8 =090 ##$$a 153.8, Che b =100 ##$$a Chen, Febe =245 ##$$a Be creative, Menjadi pribadi kreatif, Febe Chen =260 ##$$a 2010 $b Jakarta =300 ##$$a xv,279 hlm, 25 cm =650 ##$$a Motivasi - Kreatif =850 ##$$a NBPNMAT